The Constitution of India/ (Record no. 204187)

MARC details
000 -LEADER
fixed length control field 00652nam a22001937a 4500
005 - DATE AND TIME OF LATEST TRANSACTION
control field 20240718144849.0
010 ## - LCCN (DPL NO)
LC control number ENG-140887
020 ## - INTERNATIONAL STANDARD BOOK NUMBER
International Standard Book Number 9789350352908
Terms of availability 250.00
035 ## - SYSTEM CONTROL NUMBER
System control number EN-124419
037 ## - SOURCE OF ACQUISITION
Source of stock number/acquisition DBAD
082 ## - DEWEY DECIMAL CLASSIFICATION NUMBER
Classification number 320.54
Edition number 15
100 ## - MAIN ENTRY--PERSONAL NAME
Personal name Bakshi, P.M
245 ## - TITLE STATEMENT
Title The Constitution of India/
Statement of responsibility, etc By P.M Bakshi
250 ## - EDITION STATEMENT
Edition statement 15
260 ## - PUBLICATION, DISTRIBUTION, ETC. (IMPRINT)
Place of publication, distribution, etc Delhi
Name of publisher, distributor, etc Universal Law Publishing
Date of publication, distribution, etc 2014
270 ## - ADDRESS
Address A-58, G T Karnal Road, Industrial AreaNear Azadpur Metro Station
City New Delhi
Postal code 110033
Telephone number 011-47082254
-- 011-27458529
Fax number 011-27458529
Electronic mail address unilaw@vsnl.com
300 ## - PHYSICAL DESCRIPTION
Extent cxxxi,484p.
Dimensions 24cm(Pb)
942 ## - ADDED ENTRY ELEMENTS (KOHA)
Source of classification or shelving scheme Dewey Decimal Classification
Item type English Books
Classification part 320.54
Call number suffix BAK
Edition 15
Holdings
Withdrawn status Lost status Not for loan Collection code Home library Current library Date acquired Source of acquisition Cost, normal purchase price Full call number Barcode Copy number Cost, replacement price Koha item type
      Non-fiction Shahdara Branch Shahdara Branch 18/07/2024 DBAD 250.00 320.54 BAK EN-124419 1 250.00 English Books

© Delhi Public Library
Hit Counter
free hit counter